Economía informa /

Gardado en:
Detalles Bibliográficos
Autor Corporativo: UNAM. Facultad de Economía
Formato: Seriadas
Idioma:Lingua castelá
Temas:
Etiquetas: Engadir etiqueta
Sen Etiquetas, Sexa o primeiro en etiquetar este rexistro!

MARC

LEADER 00000nas^a2200000^a^4500
001 000272458
005 20260206100515.0
009 20260310111100.736
022 |a 0185-0849 
037 |a Acervo Xavier Clavigero 
041 |a ESP 
094 |a 34 FXC 
222 0 |a Economía informa / 
245 0 0 |a Economía informa / 
264 |a México :  |b UNAM, Facultad de Economía,  |c 1988- 
300 |a volúmenes 
310 |a Mensual 
336 |a texto  |b txt  |2 rdacontenido 
337 |a sin mediación  |b n  |2 rdamedio 
338 |a volumen  |b nc  |2 rdasoporte 
362 |a No. 164 (may. 1988)- 
599 |a No vigente  |b Donación 
649 |a XX 
650 |a Economía -  |x Publicaciones Periódicas Mexicanas -  |x Tema Principal 
650 |a Publicaciones Periódicas Mexicanas 
710 |a UNAM.  |b Facultad de Economía 
910 |a Fondo General 
920 |a Impresos - Publicaciones Periódicas 
905 |a 105 
902 |a https://opac.biblio.iteso.mx/vufind/Record/000272458